Situaciones y destrezas didácticas./ (Registro nro. 8765)
[ vista simple ]
| 000 -LEADER | |
|---|---|
| fixed length control field | 01005nam a2200193Ia 4500 |
| 005 - FECHA Y HORA DE LA ÚLTIMA TRANSACCIÓN | |
| control field | 20241213093648.0 |
| 008 - FIXED-LENGTH DATA ELEMENTS--GENERAL INFORMATION | |
| fixed length control field | 230725s9999 xx 000 0 und d |
| 040 ## - CATALOGING SOURCE | |
| Original cataloging agency | UPAN |
| Transcribing agency | Biblioteca San Vicente |
| Description conventions | RCAA2 |
| 041 ## - LANGUAGE CODE | |
| Language code of text/sound track or separate title | spa |
| 082 ## - DEWEY DECIMAL CLASSIFICATION NUMBER | |
| Classification number | 371.3 |
| Item number | G178s |
| año de publicación | 2003 |
| 100 ## - MAIN ENTRY--PERSONAL NAME | |
| Personal name | Galo de Lara, Carmen Maria |
| Relator code | aut. |
| 245 #0 - TITLE STATEMENT | |
| Title | Situaciones y destrezas didácticas./ |
| Statement of responsibility, etc | Carmen Maria Galo de Lara |
| 250 ## - EDITION STATEMENT | |
| Edition statement | 2ª ed. |
| 260 ## - PUBLICATION, DISTRIBUTION, ETC. (IMPRINT) | |
| Place of publication, distribution, etc | Guatemala: |
| Name of publisher, distributor, etc | Piedra santa, |
| Date of publication, distribution, etc | 2003 |
| 300 ## - PHYSICAL DESCRIPTION | |
| Extent | 84 p.; |
| Dimensions | 21 cm. |
| 505 ## - FORMATTED CONTENTS NOTE | |
| Formatted contents note | - Introducción. <br/>- Objetivos y Metodología. <br/>- Situación didáctica: DAR UNA CLASE. <br/>- Bibliografía. <br/>. Destreza: ENSEÑANZA DE UN CONCEPTO. <br/>- Bibliografía. <br/>. Situación: CONVERSACIÓN DIDÁCTICA. <br/>- Bibliografía. <br/>. Destreza: INTERROGAMIENTO. <br/>- Bibliografía. <br/>. Destreza: REFORZAMIENTO POSITIVO. <br/>- Bibliografía. <br/>. Destreza: DESCRIPCIÓN DE LA CONDUCTA. <br/>- Bibliografía. <br/>. Destreza: PARAFRASEAR. <br/>- Bibliografía. |
| 650 ## - SUBJECT ADDED ENTRY--TOPICAL TERM | |
| Source of heading or term | LEMB |
| Topical term or geographic name as entry element | Desestrés |
| General subdivision | Enseñanza |
| 942 ## - ADDED ENTRY ELEMENTS (KOHA) | |
| Koha item type | Libros |
| Source of classification or shelving scheme | Dewey Decimal Classification |
| Withdrawn status | Lost status | Source of classification or shelving scheme | Damaged status | Not for loan | Collection code | Home library | Current library | Date acquired | Total Checkouts | Full call number | Barcode | Date last seen | Copy number | Price effective from | Koha item type |
|---|---|---|---|---|---|---|---|---|---|---|---|---|---|---|---|
| Dewey Decimal Classification | Colección General | Biblioteca UPAN San Vicente | Biblioteca UPAN San Vicente | 25/07/2023 | 371.3 G178s | 12001334 | 25/07/2023 | 01 | 25/07/2023 | Libros | |||||
| Dewey Decimal Classification | Colección General | Biblioteca UPAN San Vicente | Biblioteca UPAN San Vicente | 27/07/2023 | 371.3 G178s | 12001335 | 27/07/2023 | 02 | 27/07/2023 | Libros |